00832nam a2200265 i 4500001000300000003000400003005001700007008003900024015001700063020001800080040001400098080001300112080001000125080001000135080001200145100003100157245007100188260006100259300002800320504002600348655003000374650003100404650003300435856009800468bgBPK20221215134109.0090310s2009 pl a f f |000 0 pol aPB 2009/7189 a9788372519795 aWA NcBPK a658.1/.5 a005.2 a659.4 a(075.8)1 aKrawiec, FranciszekeAutor10aKreowanie i zarządzanie reputacją firmy /cFranciszek Krawiec. aWarszawa :bCentrum Doradztwa i Informacji Difin,c2009. a144 s. :bil. ;c23 cm. aBibliogr. s. 138-144. 4aPodręczniki akademickie 4aZarządzanie strategiczne 4aWizerunek przedsiębiorstwa uhttp://koha.tu.koszalin.pl/cgi-bin/koha/opac-detail.pl?biblionumber=56050yKatalog online BPK